[Event "Hong Kong Jolimark op"]
[Site "Hong Kong"]
[Date "2017.12.26"]
[Round "8"]
[White "Chan, James"]
[Black "Chan, Luis"]
[Result "1/2-1/2"]
[WhiteElo "2065"]
[BlackElo "2217"]
[PlyCount "55"]
[EventDate "2017.12.23"]
[EventType "swiss"]
[EventRounds "9"]
[EventCountry "HKG"]
[SourceTitle "CBM 182 Extra"]
[Source "ChessBase"]
[SourceDate "2018.02.23"]
[SourceVersion "1"]
[SourceVersionDate "2018.02.23"]
[SourceQuality "1"]

1. e4 e6 2. d4 d5 3. Nc3 Bb4 4. e5 c5 5. a3 Bxc3+ 6. bxc3 Ne7 7. h4 Qa5 8. Bd2 Qa4 9. Bd3 Nbc6 10. Qg4 c4 11. Be2 Qxc2 12. Nf3 Nf5 13. 0-0 Qa4 14. Bd1 Qa5 15. Bc2 Nce7 16. h5 Bd7 17. a4 0-0-0 18. Qf4 Rdg8 19. g4 Nh6 20. Kh1 Rf8 21. Qg5 f6 22. Qxg7 Nf7 23. Qxf6 Nc6 24. Qh4 Nfd8 25. Bd1 Qb6 26. Bc1 Qa5 27. Bd2 Qb6 28. Bc1 1/2-1/2

[Event "Mare di Fano op 6th"]
[Site "Fano"]
[Date "2017.07.31"]
[Round "4"]
[White "Maddens, Martijn"]
[Black "Chan, James"]
[Result "1/2-1/2"]
[WhiteElo "2121"]
[BlackElo "2054"]
[PlyCount "109"]
[EventDate "2017.07.29"]
[EventType "swiss"]
[EventRounds "9"]
[EventCountry "ITA"]
[SourceTitle "EXT 2018"]
[Source "ChessBase"]
[SourceDate "2017.10.13"]
[SourceVersion "1"]
[SourceVersionDate "2017.10.13"]
[SourceQuality "1"]

1. e4 c5 2. c3 Nf6 3. e5 Nd5 4. d4 cxd4 5. cxd4 d6 6. Nf3 e6 7. Bc4 Be7 8. 0-0 0-0 9. Qe2 b6 10. Rd1 Bb7 11. Bxd5 exd5 12. Nc3 Na6 13. Bf4 Nc7 14. Rac1 Ne6 15. Bg3 a6 16. Qd2 Qd7 17. Ne1 f5 18. exf6 Bxf6 19. Nf3 g6 20. Ne2 a5 21. Nf4 Ng7 22. h3 Rac8 23. Qd3 Nf5 24. Bh2 Rxc1 25. Rxc1 Rc8 26. Re1 Re8 27. Rxe8+ Qxe8 28. g4 Nh4 29. Nxh4 Qe1+ 30. Qf1 Qxf1+ 31. Kxf1 Bxh4 32. Ne2 Be7 33. Nc3 Kf7 34. Ke2 Ba6+ 35. Ke3 Ke6 36. a4 Bf1 37. Ne2 Kd7 38. f3 Bf6 39. Nc3 Kc6 40. Nb5 Be7 41. Nc3 Bxh3 42. Kf2 h5 43. Kg3 hxg4 44. fxg4 Bf1 45. Kf2 Bd3 46. Bf4 Bc4 47. g5 b5 48. axb5+ Bxb5 49. Ke3 Bc4 50. Kd2 Bb3 51. Ne2 Kd7 52. Ng3 a4 53. Kc3 Bd1 54. Kb4 Kc6 55. Nf1 1/2-1/2

[Event "Hong Kong Jolimark op"]
[Site "Hong Kong"]
[Date "2016.12.30"]
[Round "9"]
[White "Eng, Jia Qian"]
[Black "Chan, James"]
[Result "1/2-1/2"]
[WhiteElo "1583"]
[BlackElo "2088"]
[PlyCount "42"]
[EventDate "2016.12.26"]
[EventType "swiss"]
[EventRounds "9"]
[EventCountry "HKG"]
[SourceTitle "CBM 176 Extra"]
[Source "ChessBase"]
[SourceDate "2017.03.02"]
[SourceVersion "1"]
[SourceVersionDate "2017.03.02"]
[SourceQuality "1"]

1. Nf3 c5 2. g3 Nc6 3. Bg2 g6 4. d4 cxd4 5. Nxd4 Bg7 6. c3 Nf6 7. 0-0 0-0 8. Nd2 e5 9. Nb5 d5 10. e4 Be6 11. exd5 Bxd5 12. Bxd5 Nxd5 13. Ne4 Nde7 14. Be3 Qc8 15. Qb3 Na5 16. Qa3 Nec6 17. Ned6 Qd7 18. Rad1 Rfd8 19. Ne4 Qxd1 20. Rxd1 Rxd1+ 21. Kg2 Nc4 1/2-1/2

[Event "Hong Kong Jolimark op"]
[Site "Hong Kong"]
[Date "2016.12.28"]
[Round "5"]
[White "Auyeung, Chi Hung Jonathan"]
[Black "Chan, James"]
[Result "0-1"]
[WhiteElo "1495"]
[BlackElo "2088"]
[PlyCount "114"]
[EventDate "2016.12.26"]
[EventType "swiss"]
[EventRounds "9"]
[EventCountry "HKG"]
[SourceTitle "CBM 176 Extra"]
[Source "ChessBase"]
[SourceDate "2017.03.02"]
[SourceVersion "1"]
[SourceVersionDate "2017.03.02"]
[SourceQuality "1"]

1. d4 Nf6 2. c4 g6 3. Nc3 d5 4. Nf3 Bg7 5. Bg5 Ne4 6. cxd5 Nxg5 7. Nxg5 e6 8. Qd2 h6 9. Nf3 exd5 10. e3 0-0 11. Rc1 b6 12. Bd3 Bb7 13. Ne2 Qd6 14. 0-0 Nd7 15. Bb5 c6 16. Ba4 a5 17. Nf4 Rfd8 18. Nd3 Rac8 19. Rfd1 Kh7 20. a3 Rc7 21. h3 Nf8 22. Rc2 Ne6 23. Rdc1 Rdc8 24. b4 axb4 25. axb4 f6 26. Rc3 Ba6 27. Rb1 Bc4 28. Nh4 f5 29. Bc2 Bf6 30. Nf3 c5 31. dxc5 bxc5 32. Ra3 cxb4 33. Qxb4 Qxb4 34. Nxb4 Be7 35. Ra5 Bf8 36. Ne5 Bg7 37. Nxc4 dxc4 38. Ra6 Nc5 39. Rb6 Nd7 40. Ra6 Rb7 41. g4 Rcb8 42. gxf5 Rxb4 43. fxg6+ Kg8 44. Rd1 Nf8 45. f4 Rb2 46. Be4 c3 47. Rc6 Re8 48. Bd5+ Kh8 49. e4 c2 50. Rc1 Nxg6 51. Bf7 Nxf4 52. Bxe8 Ne2+ 53. Kg2 Nxc1 54. Bg6 Be5 55. Bf5 Nd3 56. Rxh6+ Kg8 57. Rg6+ Kf7 0-1

[Event "Sabadell op-A 9th"]
[Site "Sabadell"]
[Date "2016.09.05"]
[Round "5"]
[White "Vidarte Morales, Arturo"]
[Black "Chan, James"]
[Result "1-0"]
[WhiteElo "2340"]
[BlackElo "2110"]
[PlyCount "55"]
[EventDate "2016.09.01"]
[EventType "swiss"]
[EventRounds "9"]
[EventCountry "ESP"]
[SourceTitle "CBM 174 Extra"]
[Source "ChessBase"]
[SourceDate "2016.10.10"]
[SourceVersion "1"]
[SourceVersionDate "2016.10.10"]
[SourceQuality "1"]

1. d4 Nf6 2. c4 g6 3. Nc3 d5 4. f3 Bg7 5. e4 dxe4 6. fxe4 Nc6 7. e5 Ng4 8. Nf3 0-0 9. h3 Nh6 10. d5 Nb8 11. Bf4 f6 12. e6 c6 13. g4 g5 14. Be3 cxd5 15. cxd5 b5 16. Qd2 b4 17. Ne4 Bb7 18. Rd1 Na6 19. Bc4 Qc7 20. Qd3 Qa5 21. 0-0 Rac8 22. b3 Nc5 23. Bxc5 Rxc5 24. Nfxg5 f5 25. gxf5 Rxc4 26. bxc4 Qa3 27. Qxa3 bxa3 28. d6 1-0

[Event "Biel MTO op 48th"]
[Site "Biel"]
[Date "2015.07.21"]
[Round "2"]
[White "Chan, James"]
[Black "Can, Emre"]
[Result "0-1"]
[WhiteElo "2014"]
[BlackElo "2547"]
[PlyCount "72"]
[EventDate "2015.07.20"]
[EventType "swiss"]
[EventRounds "11"]
[EventCountry "SUI"]
[SourceTitle "CBM 167 Extra"]
[Source "ChessBase"]
[SourceDate "2015.09.14"]
[SourceVersion "1"]
[SourceVersionDate "2015.09.14"]
[SourceQuality "1"]

1. e4 c6 2. d4 d5 3. e5 Bf5 4. Nf3 e6 5. Be2 Nd7 6. 0-0 h6 7. Nbd2 Ne7 8. Nb3 Nc8 9. Bd2 Be7 10. Ba5 Ncb6 11. Nbd2 Qc8 12. c4 dxc4 13. Nxc4 Nxc4 14. Bxc4 0-0 15. Rc1 Nb6 16. Bd3 Bxd3 17. Qxd3 Qd7 18. Rfd1 Qd5 19. Bxb6 axb6 20. a3 Ra4 21. Rc2 Rd8 22. Rcd2 b5 23. Qe3 b4 24. axb4 Bxb4 25. Rd3 Ba5 26. h3 Rb4 27. b3 Bb6 28. Kh2 Ra8 29. g4 Ra3 30. g5 hxg5 31. Qxg5 Bd8 32. Qh5 Rbxb3 33. Rxb3 Qxb3 34. Ne1 Qb2 35. Kg2 Ra2 36. Qf3 Bh4 0-1

[Event "Richmond Keres Memorial 40th"]
[Site "Richmond"]
[Date "2015.05.17"]
[Round "4.5"]
[White "Doknjas, John"]
[Black "Chan, James"]
[Result "1-0"]
[WhiteElo "2321"]
[BlackElo "2133"]
[PlyCount "71"]
[EventDate "2015.05.16"]
[EventType "swiss"]
[EventRounds "6"]
[EventCountry "CAN"]
[SourceTitle "EXT 2019"]
[Source "ChessBase"]
[SourceDate "2018.10.10"]
[SourceVersion "1"]
[SourceVersionDate "2018.10.10"]
[SourceQuality "1"]

1. d4 Nf6 2. c4 g6 3. Nc3 d5 4. cxd5 Nxd5 5. Bd2 Nb6 6. Bg5 Bg7 7. Nf3 Nc6 8. e3 0-0 9. Be2 Be6 10. 0-0 h6 11. Bf4 Nd5 12. Nxd5 Bxd5 13. Bg3 Kh7 14. b3 a5 15. Rc1 Rc8 16. Qd2 f5 17. Rfd1 Re8 18. Ne1 Nb4 19. a3 Nc6 20. Rc3 e6 21. Bb5 Qe7 22. Rc5 Bxb3 23. Rdc1 a4 24. Nd3 Red8 25. Bxc6 bxc6 26. Nb4 Bd5 27. Qc3 Rd7 28. Ra5 Bb3 29. Qxc6 g5 30. Be5 Bxe5 31. Rxe5 Rd6 32. Qb7 Rcd8 33. Rxc7 R8d7 34. Rec5 Qf7 35. Nd3 Bd5 36. Qa7 1-0

[Event "Reykjavik op"]
[Site "Reykjavik"]
[Date "2015.03.15"]
[Round "7"]
[White "Pulvett Marin, Daniel Eduardo"]
[Black "Chan, James"]
[Result "1-0"]
[WhiteElo "2434"]
[BlackElo "2038"]
[PlyCount "69"]
[EventDate "2015.03.10"]
[EventType "swiss"]
[EventRounds "10"]
[EventCountry "ISL"]
[SourceTitle "CBM 165 Extra"]
[Source "ChessBase"]
[SourceDate "2015.04.21"]
[SourceVersion "1"]
[SourceVersionDate "2015.04.21"]
[SourceQuality "1"]

1. d4 d5 2. c4 c6 3. Nc3 Nf6 4. e3 a6 5. Nf3 Bf5 6. cxd5 cxd5 7. Qb3 Ra7 8. Bd2 e6 9. Rc1 b5 10. a4 b4 11. Na2 a5 12. Bb5+ Nfd7 13. Ne5 Ra8 14. e4 Bxe4 15. Bf4 g5 16. Nxd7 Nxd7 17. Rc7 gxf4 18. Rxd7 Qxd7 19. Bxd7+ Kxd7 20. 0-0 Rc8 21. Nc1 Rg8 22. g3 fxg3 23. hxg3 Bd6 24. Re1 f5 25. Kf1 f4 26. gxf4 Bxf4 27. Rxe4 dxe4 28. Ne2 Bg5 29. Qh3 Rg7 30. d5 Re7 31. dxe6+ Kd8 32. Qf5 h6 33. Nd4 e3 34. f4 Bh4 35. Qxa5+ 1-0

[Event "Washington Class-ch Masters"]
[Site "Lynnwood"]
[Date "2014.11.28"]
[Round "1"]
[White "Koons, Nathaniel"]
[Black "Chan, James"]
[Result "1-0"]
[WhiteElo "2271"]
[BlackElo "2043"]
[PlyCount "83"]
[EventDate "2014.11.28"]
[EventType "swiss"]
[EventRounds "6"]
[EventCountry "USA"]
[SourceTitle "EXT 2017"]
[Source "ChessBase"]
[SourceDate "2016.10.25"]
[SourceVersion "1"]
[SourceVersionDate "2016.10.25"]
[SourceQuality "1"]

1. d4 d5 2. c4 c6 3. Nf3 Nf6 4. Nc3 a6 5. e3 b5 6. c5 g6 7. Bd2 Bg7 8. b4 Nbd7 9. a4 Rb8 10. axb5 axb5 11. Ra7 0-0 12. Be2 Rb7 13. Qa1 Qc7 14. Ra5 e5 15. 0-0 e4 16. Ne1 h5 17. f4 exf3 18. Nxf3 Ng4 19. h3 Nh6 20. e4 dxe4 21. Nxe4 Nf5 22. Nd6 Nxd6 23. Bf4 Qd8 24. Bxd6 Re8 25. Qa2 Nf6 26. Ne5 Be6 27. Qc2 Bd5 28. Bf3 Qc8 29. Ra6 Bxf3 30. Rxf3 Nd5 31. Rxc6 Qa8 32. Qf2 Qa1+ 33. Kh2 Nxb4 34. Rc7 Rxc7 35. Bxc7 Nd5 36. Bd6 Nf6 37. Rxf6 Bxf6 38. Qxf6 Qa2 39. Nxg6 Kh7 40. Nf8+ Kg8 41. Qg5+ Kh8 42. Qh6+ 1-0

[Event "Canadian op U2400"]
[Site "Montreal"]
[Date "2014.07.21"]
[Round "4"]
[White "Ivanov, Mike"]
[Black "Chan, James"]
[Result "1-0"]
[WhiteElo "2137"]
[BlackElo "2023"]
[PlyCount "87"]
[EventDate "2014.07.19"]
[EventType "swiss"]
[EventRounds "9"]
[EventCountry "CAN"]
[SourceTitle "EXT 2022"]
[Source "ChessBase"]
[SourceDate "2021.10.06"]
[SourceVersion "1"]
[SourceVersionDate "2021.10.06"]
[SourceQuality "1"]

1. e4 c5 2. Nc3 a6 3. g3 Nc6 4. Bg2 g6 5. d3 Bg7 6. Be3 d6 7. Qd2 Nf6 8. h3 0-0 9. Nge2 Nd7 10. Bh6 Nd4 11. Bxg7 Kxg7 12. 0-0 Ne5 13. f4 Nec6 14. Nd5 Nxe2+ 15. Qxe2 e6 16. Ne3 f5 17. c3 Bd7 18. g4 fxg4 19. hxg4 h6 20. Rf3 Qe7 21. Raf1 Rf6 22. Qd2 Raf8 23. d4 cxd4 24. cxd4 Nd8 25. b3 Bb5 26. R1f2 Qc7 27. a4 Bd7 28. Qb2 Kg8 29. f5 Qa5 30. e5 dxe5 31. dxe5 R6f7 32. f6 Nc6 33. Nc4 Qc5 34. Rh3 Rh7 35. Qc2 Be8 36. Be4 Nxe5 37. Nxe5 Qxe5 38. Bxg6 Qa1+ 39. Qb1 Qxb1+ 40. Bxb1 Rc7 41. Rxh6 Rc3 42. Bh7+ Kf7 43. Bg6+ Kg8 44. Bxe8 1-0

[Event "Canadian op U2400"]
[Site "Montreal"]
[Date "2014.07.19"]
[Round "1"]
[White "Chan, James"]
[Black "Van Hoolandt, Patrick"]
[Result "1-0"]
[WhiteElo "2023"]
[BlackElo "2236"]
[PlyCount "150"]
[EventDate "2014.07.19"]
[EventType "swiss"]
[EventRounds "9"]
[EventCountry "CAN"]
[SourceTitle "EXT 2022"]
[Source "ChessBase"]
[SourceDate "2021.10.06"]
[SourceVersion "1"]
[SourceVersionDate "2021.10.06"]
[SourceQuality "1"]

1. e4 e5 2. Nf3 Nc6 3. Bb5 Nf6 4. Qe2 Bc5 5. c3 0-0 6. h3 Re8 7. Ba4 d5 8. d3 a6 9. Bg5 dxe4 10. dxe4 b5 11. Bb3 Na5 12. Bc2 Nc4 13. b4 Bb6 14. a4 Bb7 15. 0-0 h6 16. Bh4 g5 17. Bg3 Nh5 18. Bh2 Nf4 19. Bxf4 gxf4 20. Nbd2 Nxd2 21. Nxd2 Re6 22. Rad1 Qh4 23. Nf3 Qh5 24. a5 Ba7 25. Kh2 Bc6 26. Bb3 Rg6 27. Bd5 Re8 28. c4 Bxd5 29. Rxd5 bxc4 30. Qxc4 Kh8 31. Ne1 Rg7 32. Qxa6 Bd4 33. Qd3 Qh4 34. Nf3 Qe7 35. Nxd4 exd4 36. Rxd4 Reg8 37. Rg1 c5 38. bxc5 Qxc5 39. a6 Rg6 40. Qc4 Qa7 41. e5 f3 42. g3 Rxa6 43. Rf1 Ra2 44. e6 fxe6 45. Qxe6 Ra6 46. Qe5+ Qg7 47. Qxg7+ Rxg7 48. Rf4 Ra3 49. g4 Rd7 50. Kg3 Rdd3 51. Rf5 Kg7 52. Re1 Rac3 53. Re7+ Kg8 54. Re4 Rd1 55. Rxf3 Rg1+ 56. Kf4 Rc2 57. Kf5 Rg2 58. Kg6 Rc6+ 59. Kh5 Rh2 60. Re8+ Kg7 61. Re7+ Kg8 62. Kh4 Rg2 63. Re5 Kg7 64. Ref5 Rc7 65. Rg3 Rh2 66. f4 Rf2 67. Re3 Rg2 68. Rf3 Kg6 69. Rd5 Rc6 70. f5+ Kf7 71. Rd7+ Ke8 72. Rg7 Kf8 73. Rg6 Rxg6 74. fxg6+ Kg7 75. Kh5 Rh2 1-0

[Event "Continental Class-ch 4th"]
[Site "Arlington"]
[Date "2013.10.13"]
[Round "7"]
[White "Sarkar, Justin"]
[Black "Chan, James"]
[Result "1-0"]
[WhiteElo "2455"]
[BlackElo "2039"]
[PlyCount "75"]
[EventDate "2013.10.09"]
[EventType "swiss"]
[EventRounds "9"]
[EventCountry "USA"]
[SourceTitle "CBM 156 Extra"]
[Source "ChessBase"]
[SourceDate "2013.10.22"]
[SourceVersion "1"]
[SourceVersionDate "2013.10.22"]
[SourceQuality "1"]

1. d4 d5 2. c4 c6 3. Nf3 Nf6 4. Nc3 a6 5. c5 Nbd7 6. Bf4 Nh5 7. Bd2 Nhf6 8. Bf4 Nh5 9. Bg5 h6 10. Bd2 Nhf6 11. Bf4 Nh5 12. Be5 Nxe5 13. Nxe5 Nf6 14. e3 g6 15. Bd3 Bg7 16. 0-0 0-0 17. b4 Bf5 18. Na4 Bxd3 19. Qxd3 Qc7 20. Nb6 Rad8 21. a4 Ne4 22. f3 Bxe5 23. dxe5 Ng5 24. h4 Ne6 25. f4 Ng7 26. Rfd1 e6 27. e4 dxe4 28. Qxe4 Rxd1+ 29. Rxd1 Rd8 30. Rd6 Nf5 31. Qd3 Nxd6 32. exd6 Qb8 33. Qd4 h5 34. Kf2 Qa7 35. a5 Qb8 36. Kf3 Kh7 37. Qf6 Rf8 38. Nd7 1-0

[Event "Continental Class-ch 4th"]
[Site "Arlington"]
[Date "2013.10.12"]
[Round "5"]
[White "Chan, James"]
[Black "Yagiz, Bora"]
[Result "1-0"]
[WhiteElo "2039"]
[BlackElo "1907"]
[PlyCount "76"]
[EventDate "2013.10.09"]
[EventType "swiss"]
[EventRounds "9"]
[EventCountry "USA"]
[SourceTitle "CBM 156 Extra"]
[Source "ChessBase"]
[SourceDate "2013.10.22"]
[SourceVersion "1"]
[SourceVersionDate "2013.10.22"]
[SourceQuality "1"]

1. e4 d6 2. d4 Nf6 3. Nc3 e5 4. Nge2 Be7 5. g3 0-0 6. Bg2 c6 7. 0-0 b5 8. a3 Nbd7 9. h3 Nb6 10. b3 Qc7 11. Bb2 Bb7 12. g4 a6 13. Ng3 g6 14. Nce2 Rad8 15. Qd2 c5 16. d5 Nfd7 17. Kh1 c4 18. f4 f6 19. f5 Rf7 20. Rac1 Rc8 21. b4 Na4 22. Bc3 Bf8 23. h4 Bg7 24. Bh3 Re8 25. Rg1 Bc8 26. Rcf1 Nf8 27. Rg2 Qe7 28. Ng1 Nxc3 29. Qxc3 Bh6 30. N3e2 Rg7 31. g5 gxf5 32. gxh6 Rxg2 33. Bxg2 fxe4 34. Qg3+ Kh8 35. Bxe4 Ng6 36. h5 Nf8 37. Nh3 Nd7 38. Rg1 Rf8 1-0

[Event "Clark Harmon Memorial 7th"]
[Site "Portland"]
[Date "2013.04.13"]
[Round "3"]
[White "Raptis, Nick"]
[Black "Chan, James"]
[Result "1-0"]
[WhiteElo "2379"]
[BlackElo "2022"]
[PlyCount "81"]
[EventDate "2013.04.13"]
[EventType "swiss"]
[EventRounds "5"]
[EventCountry "USA"]
[SourceTitle "EXT 2017"]
[Source "ChessBase"]
[SourceDate "2016.10.25"]
[SourceVersion "1"]
[SourceVersionDate "2016.10.25"]
[SourceQuality "1"]

1. d4 d5 2. Nc3 c6 3. e4 dxe4 4. Nxe4 Nf6 5. Nxf6+ exf6 6. c3 Bd6 7. Bd3 Nd7 8. Qc2 h6 9. Ne2 0-0 10. Bf4 Bxf4 11. Nxf4 Re8+ 12. Ne2 Qa5 13. 0-0 Nf8 14. Ng3 Be6 15. Rfe1 c5 16. dxc5 Qxc5 17. Rad1 Qa5 18. Ra1 Rad8 19. Ne2 Bd5 20. a3 Qb6 21. Nd4 Ne6 22. Nxe6 Bxe6 23. h3 Bb3 24. Rxe8+ Rxe8 25. Qc1 Qd6 26. Bc2 Bd5 27. Qd2 Qe5 28. Rd1 Bc6 29. c4 f5 30. b4 g6 31. b5 Be4 32. Bxe4 Qxe4 33. c5 f4 34. Qd5 Qe2 35. c6 bxc6 36. bxc6 f3 37. g4 Qc2 38. Qxf3 Re7 39. Rd7 Qb1+ 40. Kg2 Qe1 41. c7 1-0

[Event "British Columbia op"]
[Site "Richmond"]
[Date "2013.02.10"]
[Round "3"]
[White "North, Robert"]
[Black "Chan, James"]
[Result "1/2-1/2"]
[WhiteElo "1910"]
[BlackElo "2160"]
[PlyCount "51"]
[EventDate "2013.02.09"]
[EventType "swiss"]
[EventRounds "5"]
[EventCountry "CAN"]
[SourceTitle "EXT 2014"]
[Source "ChessBase"]
[SourceDate "2013.11.20"]
[SourceVersion "1"]
[SourceVersionDate "2013.11.20"]
[SourceQuality "1"]

1. d4 d5 2. c4 c6 3. Nf3 Nf6 4. e3 a6 5. a4 a5 6. Nc3 g6 7. Bd3 Bg7 8. 0-0 0-0 9. Ne5 Na6 10. f4 Nb4 11. Bb1 Nd7 12. cxd5 cxd5 13. Nd3 Nxd3 14. Bxd3 e6 15. Qb3 Qb6 16. Nb5 Nb8 17. Bd2 Bd7 18. Rfc1 Nc6 19. Ra3 Rfb8 20. Qd1 Bf8 21. Rb3 Nb4 22. Be2 Rc8 23. Rbc3 Bc6 24. Ra1 Bd7 25. Rac1 Bc6 26. Ra1 1/2-1/2

[Event "Washington Class-ch Master"]
[Site "Redmond"]
[Date "2012.11.24"]
[Round "4"]
[White "Hadzic, Huso"]
[Black "Chan, James"]
[Result "1-0"]
[WhiteElo "2179"]
[BlackElo "2029"]
[PlyCount "97"]
[EventDate "2012.11.23"]
[EventType "swiss"]
[EventRounds "6"]
[EventCountry "USA"]
[SourceTitle "EXT 2017"]
[Source "ChessBase"]
[SourceDate "2016.10.25"]
[SourceVersion "1"]
[SourceVersionDate "2016.10.25"]
[SourceQuality "1"]

1. e4 e5 2. Nf3 Nc6 3. Bb5 a6 4. Ba4 Nf6 5. Qe2 b5 6. Bb3 Bc5 7. a4 Rb8 8. axb5 axb5 9. d3 h6 10. Be3 Qe7 11. 0-0 d6 12. Nbd2 0-0 13. c3 Kh7 14. h3 g6 15. Nh2 Nh5 16. Bc2 Bxe3 17. Qxe3 Qg5 18. Qxg5 hxg5 19. Nhf3 Kh6 20. d4 exd4 21. Nxd4 Ne5 22. Ra7 c5 23. N4f3 Nc4 24. b3 Nxd2 25. Nxd2 Nf4 26. Re1 Be6 27. Kf1 Ra8 28. Rea1 Rxa7 29. Rxa7 Rc8 30. f3 d5 31. g3 Nh5 32. exd5 Bxd5 33. Kf2 Be6 34. Ne4 f5 35. Ra6 Ng7 36. Nd6 Rb8 37. b4 cxb4 38. cxb4 Kh7 39. g4 Rf8 40. Ke3 Rd8 41. Bd3 Bd7 42. Nf7 Re8+ 43. Kf2 Rf8 44. Nxg5+ Kh6 45. h4 Bc8 46. Rd6 Ne8 47. Rd8 Ba6 48. Ne6 Rh8 49. Nc5 1-0